Study on water user community's constraints and opportunities in puok district, siam riep province, សិក្សាអំពីកត្តារារំាង និងកាលានុវត្តភាពរបស់សហគមន៍កសិករ ប្រើប្រាស់ទឹកក្នុងស្រុកពួក ខេត្តសៀមរាប. (Record no. 4574)

000 -LEADER
fixed length control field 00768nam a22001577a 4500
003 - CONTROL NUMBER IDENTIFIER
control field OSt
005 - DATE AND TIME OF LATEST TRANSACTION
control field 20151216143036.0
008 - FIXED-LENGTH DATA ELEMENTS--GENERAL INFORMATION
fixed length control field 151216b xxu||||| |||| 00| 0 eng d
040 ## - CATALOGING SOURCE
Transcribing agency RUA
082 ## - DEWEY DECIMAL CLASSIFICATION NUMBER
Classification number AED EAR 2004 B217 Or.1
100 ## - MAIN ENTRY--PERSONAL NAME
9 (RLIN) 4925
Personal name EAR TECHKUNG; អ៊ា តិចគង់
245 ## - TITLE STATEMENT
Title Study on water user community's constraints and opportunities in puok district, siam riep province, សិក្សាអំពីកត្តារារំាង និងកាលានុវត្តភាពរបស់សហគមន៍កសិករ ប្រើប្រាស់ទឹកក្នុងស្រុកពួក ខេត្តសៀមរាប.
260 ## - PUBLICATION, DISTRIBUTION, ETC. (IMPRINT)
Place of publication, distribution, etc. Phnom Penh
Name of publisher, distributor, etc. RUA
Date of publication, distribution, etc. 2004
300 ## - PHYSICAL DESCRIPTION
Extent ix; 49p.
Other physical details ill.
Dimensions 29cm.
942 ## - ADDED ENTRY ELEMENTS (KOHA)
Source of classification or shelving scheme
Koha item type AED
Holdings
Price effective from Date last seen Permanent Location Not for loan Date acquired Source of classification or shelving scheme Koha item type Lost status Withdrawn status Date last checked out Total Checkouts Shelving location Damaged status Barcode Current Location Full call number
2015-12-162025-12-08Library Block B 2015-12-16 AED  2025-12-041B217 RUA030862Library Block BAED EAR 2004 B217 Or.1
2015-12-162025-10-31Library Block B 2015-12-16 AED  2025-10-131B217 RUA030922Library Block BAED EAR 2004 B217 Or.2
មជ្ឈមណ្ឌលឯការនៃសាកលវិទ្យាល័យភូមិន្ទកសិកម្មចំការដូង

Powered by Koha